| 000 | 00828nam a2200229 a 4500 | ||
|---|---|---|---|
| 005 | 20260401064039.0 | ||
| 008 | 040921s1997 mx r 000 0 spa d | ||
| 020 | _a9701805402 | ||
| 035 | _aUPN01000134754 | ||
| 049 | _aCG | ||
| 050 | 4 |
_aQD95 _bP4.3 |
|
| 100 | 1 | _aPérez Martínez, Carlos S. | |
| 245 | 1 | 0 |
_aEspectrometría de masas / _cCarlos S. Pérez Martínez, Esther Alonso Becerra, Leandro González Rodríguez. |
| 260 |
_aMéxico : _bIPN ; _cCuba : _bMinisterio de Educación Superior, _c1997. |
||
| 300 |
_a217 p. : _bgráfs. |
||
| 500 | _aUniversidad de la Habana, Facultad de Química | ||
| 650 | 4 |
_aESPECTROMETRIA DE MASAS _922216 |
|
| 650 | 4 |
_aQuímica _xEstudio y enseñanza (Superior) _97245 |
|
| 700 | 1 |
_aAlonso Becerra, Esther, _ecoaut. |
|
| 700 | 1 |
_aGonzález Rodriguez, Leandro, _ecoaut. |
|
| 905 | _aLibro | ||
| 999 |
_c106905 _d106905 |
||